000 00822nam a2200241 i 4500
001 169773
003 ES-MaACL
005 20230906214207.0
008 081125s1971 sp |||| | spa d
017 _aB 48.439-1970
080 _a811.134.2'36-112
100 1 _aGili Gaya, Samuel.
_956938
245 1 0 _aNociones de gramática histórica española /
_cSamuel Gili Gaya.
250 _a6ª ed.
260 _aBarcelona :
_bBiblograf,
_c1971.
300 _a99, [2] p. ;
_c17 cm.
490 1 _aCompendios de divulgación filológica Vox ;
_v3
500 _aÍndice.
650 4 _aLengua española-
_xGramática histórica.
_914164
830 0 _aCompendios de divulgación filológica Vox ;
_v3
_9188878
852 4 _aES-MaACL
_jE-12289
_9R.190485
_z- Biblioteca Jacinto Martínez Lacalle
999 _c169773
_d169773